000 nam a22 a 4500
999 _c2074
_d2074
005 20170522121548.0
008 170515b2010 xxu||||| |||| 00| 0 eng d
020 _a9781605095868
040 _aAKMAL
082 _a658.4052 HUT
090 _a658.4052
_bHUT
245 _aTHE ONE MINUTE NEGOTIATOR
_bSIMPLE STEPS TO REACH BETTER AGREEMENTS
_cDON HUTSON and GEORGE LUCAS
260 _aUNITED STATES OF AMERICA
_c2010
300 _a140pg,;
_c20 cm
942 _2ddc
_cBOOK